[Event "VIII Iberoamericano Mexico 2022"]
[Site "Mexico City"]
[Date "2022.02.16"]
[Round "5.9"]
[White "Albornoz Cabrera, Carlos Daniel"]
[Black "Estrada Nieto, Julian"]
[Result "1-0"]
[WhiteElo "2567"]
[BlackElo "2253"]
[Annotator "TA"]
[PlyCount "85"]
[EventDate "2022.02.12"]
[EventType "swiss"]
[EventCountry "MEX"]
[SourceTitle "playchess.com"]
[Source "ChessBase"]
[SourceQuality "1"]

{[%evp 25,85,19,32,38,29,34,41,23,25,30,32,28,50,9,37,26,46,42,34,35,30,27,30,0,63,40,63,20,31,31,40,35,32,39,39,41,96,88,87,87,86,60,110,70,262,267,416,423,646,629,611,600,607,627,1411,350,302,230,29984,29985,29985,846]} 1. e4 e5 2. Nf3 Nc6 3. Bb5 {[%cal Bf1b5,Bb5a4,Ba4b3][%mdl 32]} a6 4. Ba4 Nf6 5. O-O Be7 6. Re1 b5 7. Bb3 d6 8. c3 O-O 9. h3 Bb7 10. d4 Re8 11. Nbd2 Bf8 12. a3 h6 13. Bc2 d5 14. dxe5 {C93: Closed Ruy Lopez: Smyslov Variation.} Nxe5 15. Nxe5 Rxe5 16. Nf3 {White is slightly better.} (16. f4 $5 {[%cal Rf4e5]} Bc5+ 17. Kh1 Nxe4 18. Nxe4 Rxe4 19. Bxe4 dxe4 20. Qe2 $11 (20. Be3 Bxe3 21. Qxd8+ Rxd8 $11)) 16... Re8 {[%cal Rf6e4]} 17. e5 Ne4 18. Bf4 $1 {The main line 18.Bf4 scores better than 18.Qe2.} c5 19. Qe2 (19. Nd2 $14 {was preferrable.}) 19... Qb6 20. Nd2 {[%cal Rd2e4]} Nxd2 {[#]} 21. Qxd2 $146 ({Predecessor:} 21. Bxd2 Rad8 22. Qd3 g6 23. Qg3 d4 24. cxd4 Rxd4 25. Re2 Bg7 26. Rae1 Bc8 27. b4 {½-½ (42) Schueppel,R (2407)-Vekelis,G (2349) ICCF email 2015}) 21... Rad8 22. Qd3 {[%csl Gc2][%cal Rd3h7] [#]} g6 23. Qg3 {[%cal Oe5e6] Hoping for e6!} Qe6 24. b4 c4 (24... cxb4 $11 25. cxb4 (25. axb4 d4 $11) 25... Bg7) 25. Rad1 (25. Bd2 $5 {[%cal Rf2f4]}) 25... Bg7 26. h4 {Inhibits g5.} (26. Kh1 $14) 26... Bc6 {[%cal Oa6a5]} 27. Qe3 Ra8 28. Bg3 {[%cal Oh4h5]} a5 29. h5 axb4 30. axb4 Ra2 ({Black should try} 30... gxh5 $14 31. Rd4 f6) 31. Bb1 $16 Ra3 32. hxg6 fxg6 33. Bf4 g5 (33... Rb3 $14) 34. Bg3 Qe7 $2 {Loses the game.} (34... Bf8 $14) 35. Qc1 $18 Ra7 (35... Rb3 {keeps fighting.} 36. Ba2 Qe6 37. Bxb3 cxb3) 36. Qc2 Qe6 (36... Qf7 $142 37. Qh7+ Kf8) 37. Qh7+ Kf8 38. Bf5 Qg8 39. Qg6 Ra6 40. e6 {Prevents Qf7.} (40. Qd6+ Re7 41. Ra1) 40... Ke7 41. Ra1 {Dancing on a razor blade.} Rea8 $2 (41... Rxa1 $2 42. Rxa1 Bd4 43. Qxh6 $18) (41... Raa8 $18) 42. Rxa6 Rxa6 {[#]} 43. Be5 {Weighted Error Value: White=0.33/Black=0.56} (43. Bd6+ $142 $1 {[%mdl 512]} Kxd6 44. e7+ Kc7 45. e8=Q Qxe8 46. Rxe8 Bxe8 47. Qxa6 Bxc3 48. Qc8+ Kd6 49. Qe6+ Kc7 50. Qe7+ Kb8 51. Qxe8+ Kc7 52. Qc8+ Kd6 53. Qd7+ Ke5 54. Qe6+ Kf4 55. g3+ Kf3 56. Bg4#) 1-0

[Event "VIII Iberoamericano Mexico 2022"]
[Site "Mexico City"]
[Date "2022.02.16"]
[Round "5.10"]
[White "Perez Garcia, Rodney Oscar"]
[Black "Gonzalez Zamora, Juan Carlos"]
[Result "1/2-1/2"]
[WhiteElo "2331"]
[BlackElo "2544"]
[Annotator "TA"]
[PlyCount "38"]
[EventDate "2022.02.12"]
[EventType "swiss"]
[EventCountry "MEX"]
[SourceTitle "playchess.com"]
[Source "ChessBase"]
[SourceQuality "1"]

{[%evp 23,38,10,16,11,23,14,17,14,14,10,18,24,17,18,41,82,54]} 1. e4 c5 2. Nf3 e6 3. Nc3 a6 4. d4 cxd4 5. Nxd4 Qc7 6. Be2 Nc6 7. O-O Nf6 8. Be3 d6 9. f4 Be7 10. Kh1 Bd7 11. Qe1 Rc8 12. Qg3 O-O 13. Rae1 {B85: Sicilian Scheveningen: 6 Be2 a6, lines with early Be3.} b5 14. a3 Kh8 15. Bd3 {[#] The position is equal.} Nh5 $146 ({Predecessor:} 15... Na5 16. e5 Nh5 17. Qh3 g6 18. g4 Ng7 19. Qh6 Rg8 20. Rf3 Ne8 21. Rh3 Rg7 {½-½ (70) Dominguez,O (2092)-Torres,J (2341) Ibague 2013}) 16. Qf2 Nxf4 17. Bxf4 {[#] Hoping for Nxc6.} Nxd4 18. e5 Nc6 {[%cal Rd6e5]} 19. exd6 Bxd6 {Weighted Error Value: White=0.01 (flawless) /Black=0.05 (flawless)} 1/2-1/2

[Event "VIII Iberoamericano Mexico 2022"]
[Site "Mexico City"]
[Date "2022.02.16"]
[Round "5.11"]
[White "Perez Rodriguez, Luis Manuel"]
[Black "Almeida Quintana, Omar"]
[Result "1/2-1/2"]
[WhiteElo "2324"]
[BlackElo "2535"]
[Annotator "TA"]
[PlyCount "70"]
[EventDate "2022.02.12"]
[EventType "swiss"]
[EventCountry "MEX"]
[SourceTitle "playchess.com"]
[Source "ChessBase"]
[SourceQuality "1"]

{[%evp 14,70,40,35,47,-8,-15,-14,-18,-18,-11,-15,0,0,0,1,6,-14,0,-45,-47,-45,-49,-45,-45,-42,-16,-4,0,-112,-23,-14,-19,-31,22,19,27,14,19,19,20,19,9,17,9,16,113,0,0,0,0,0,0,0,0,0,34,0,0]} 1. e4 g6 2. d4 Bg7 3. Nc3 d6 4. f4 a6 5. Nf3 b5 6. Bd3 Nd7 7. Be3 Bb7 8. e5 Nh6 {B06: Modern Defence.} 9. Ne4 {To avoid c5} ({White should play} 9. Qe2 $14) 9... c5 $11 10. c3 $1 ({Don't go for} 10. exd6 $2 c4 11. O-O (11. dxe7 $2 Qxe7 12. O-O cxd3 $19) 11... O-O $19) 10... cxd4 11. cxd4 Nb6 {[#]} 12. O-O $146 ({Predecessor:} 12. Qe2 O-O 13. O-O Nd5 14. Bd2 Qb6 15. Kh1 Nf5 16. Neg5 Nxd4 17. Nxd4 Qxd4 18. e6 {0-1 (30) Lamorelle,J (2278)-Nanu,C (2515) Sunny Beach 2010}) 12... Nd5 13. Bd2 Qb6 14. Qe1 O-O 15. Kh1 f6 16. Ng3 (16. a4 $11 {is superior.}) 16... fxe5 $15 17. fxe5 dxe5 18. dxe5 Ng4 19. Be4 Qe6 20. Bc3 Rad8 21. Rd1 (21. Bd4 $11 {keeps the balance.}) 21... Nxc3 (21... Nge3 $1 $17 {[%cal Re3f1]} 22. Nd4 (22. Ng5 $2 Qg4 $17) 22... Rxf1+ 23. Nxf1 Qxe5 24. Bxd5+ Nxd5 25. Qxe5 Bxe5) 22. Rxd8 $11 Rxd8 23. Bxb7 Qb6 24. Qxc3 {[%cal Oh2h3] And now h3! would win.} Qxb7 25. h3 Nh6 26. Qb3+ Kh8 27. Qe6 Rf8 28. Ng5 Rxf1+ 29. Nxf1 a5 (29... Qc7 $11) 30. Ng3 {White is more active.} ({White should try} 30. Nh2 $16) 30... Qc7 {White must now prevent ...Qc1+.} 31. Nf3 Qc1+ 32. Kh2 Qf4 33. Qc8+ (33. Qxe7 $2 Qxg3+ $3 {[%mdl 512]} 34. Kxg3 Nf5+ 35. Kf4 Nxe7 $19) 33... Ng8 {Hoping for ...h5.} 34. Qe6 Nh6 35. Qc8+ ({Avoid the trap} 35. Qxe7 $2 {[#]} Qxg3+ $3 {[%mdl 512]} 36. Kxg3 Nf5+ 37. Kf4 Nxe7 $19) 35... Ng8 {Weighted Error Value: White=0.19 (very precise) /Black=0.21 (precise)} 1/2-1/2

[Event "VIII Iberoamericano Mexico 2022"]
[Site "Mexico City"]
[Date "2022.02.16"]
[Round "5.12"]
[White "Capo Vidal, Uriel"]
[Black "Rodriguez Vila, Andres"]
[Result "1/2-1/2"]
[WhiteElo "2306"]
[BlackElo "2461"]
[Annotator "TA"]
[PlyCount "99"]
[EventDate "2022.02.12"]
[EventType "swiss"]
[EventCountry "MEX"]
[SourceTitle "playchess.com"]
[Source "ChessBase"]
[SourceQuality "1"]

{[%evp 9,99,69,82,92,81,40,63,39,44,-11,28,28,25,-14,47,39,51,36,44,22,26,15,28,0,29,25,54,27,14,0,11,0,0,-5,0,0,0,0,34,0,0,0,-2,-47,-7,-10,-6,-10,-14,-39,-43,-23,0,0,0,0,0,0,0,0,0,0,0,0,0,0,0,0,9,8,12,0,0,0,1,0,0,0,0,0,0,0,0,0,0,0,0,0,0,0,0,0]} 1. d4 f5 2. Bg5 c6 3. e3 Qb6 4. Nd2 d5 5. Ngf3 Nd7 {[#]} 6. c4 $146 {A80: Dutch Defence: Unusual White second moves.} ({Predecessor:} 6. Bd3 e6 7. O-O h6 8. Bf4 g5 9. Bg3 Ngf6 10. c4 Nh5 11. cxd5 cxd5 12. Be5 {1-0 (40) Rajkovic,D (2443)-Ruckschloss,K (2293) Arco 2010}) 6... e6 7. Qb3 (7. Rb1 $16) 7... Ngf6 8. Bd3 {White is slightly better.} Ne4 9. O-O (9. Qxb6 $14 axb6 10. Bf4) 9... Qxb3 10. Nxb3 Nb6 11. Rac1 Nxg5 (11... Nxc4 $11 12. Bxc4 dxc4 13. Rxc4 Nxg5 14. Nxg5 Bd6) 12. Nxg5 $14 Be7 13. Nf3 O-O 14. Ne5 Nd7 15. Nxd7 Bxd7 16. Nc5 Bc8 17. Be2 a5 18. Na4 Bd8 19. c5 f4 {[%cal Oe6e5]} 20. Nb6 Bxb6 21. cxb6 {[%cal Oe3e4]} Bd7 22. Rfd1 fxe3 23. fxe3 Rae8 24. Rc5 (24. e4 $5) 24... e5 25. Bf3 exd4 26. exd4 (26. Rxd4 $11 Rxe3 27. Rxa5) 26... a4 27. Ra5 Ra8 28. Rxa8 Rxa8 $11 {[%mdl 4096] Endgame KRB-KRB} 29. Re1 Kf8 30. Be2 {Inhibits Ra6.} a3 31. b3 {The position is equal.} Be8 32. Bd3 Bg6 33. Bxg6 hxg6 {KR-KR} 34. Kf2 Ra6 35. Ke3 Rxb6 36. Kd3 Rb5 37. Rf1+ Ke7 38. Re1+ Kd6 39. Re8 c5 {[%cal Oc5c4]} 40. Rd8+ Ke6 {[%cal Oc5c4]} 41. Re8+ Kf6 42. Ra8 c4+ 43. bxc4 Rb2 {[%csl LRa2,LRg2]} 44. Rxa3 Rxg2 45. cxd5 Rxh2 {[#] ( -> ...Rh3+)} 46. Ra7 g5 47. Rxb7 g4 48. Ke3 g3 49. Kf3 Rxa2 50. Kxg3 {Weighted Error Value: White=0.11 (very precise) /Black=0.09 (flawless)} 1/2-1/2

[Event "VIII Iberoamericano Mexico 2022"]
[Site "Mexico City"]
[Date "2022.02.16"]
[Round "5.13"]
[White "Cardoso Cardoso, Jose Gabriel"]
[Black "Zacarias, M Ruben D"]
[Result "1/2-1/2"]
[WhiteElo "2461"]
[BlackElo "2174"]
[Annotator "TA"]
[PlyCount "66"]
[EventDate "2022.02.12"]
[EventType "swiss"]
[EventCountry "MEX"]
[SourceTitle "playchess.com"]
[Source "ChessBase"]
[SourceQuality "1"]

{[%evp 23,66,52,65,57,62,65,61,51,56,50,58,54,98,102,102,99,106,89,98,31,82,70,66,66,114,68,72,68,97,87,80,48,54,64,51,37,45,41,51,0,67,0,0,0,0]} 1. e4 c5 2. Nf3 d6 3. d4 cxd4 4. Nxd4 Nf6 5. Nc3 a6 6. f3 e5 7. Nb3 Be7 8. Be3 Be6 9. Qd2 O-O 10. O-O-O a5 11. a4 Nc6 12. g4 {[%cal Bg2g4,Bg4g5][%mdl 32]} Nb4 13. Kb1 {B90: Sicilian Najdorf: Unusual White 6th moves, 6 Be3 Ng4 and 6 Be3 e5.} Rc8 14. g5 Nh5 15. Rg1 $1 {White is slightly better.} Qc7 {[%cal Od6d5]} 16. Bb5 g6 17. Qf2 Nf4 (17... Bd8 $14 {might be stronger.}) 18. Bxf4 $16 exf4 19. h4 {[%cal Oh4h5]} Bxb3 20. cxb3 d5 {[#]} 21. Qh2 $146 (21. Nxd5 Nxd5 22. exd5 (22. Rxd5 Bc5 $11) 22... Bc5 $11) ({White should try} 21. exd5 $16 {Black must now prevent Rge1.} Bc5 22. Qe1) ({Predecessor:} 21. Rge1 d4 22. Nd5 Nxd5 23. exd5 Bb4 24. Rh1 Rfd8 25. Bc4 Qe5 26. h5 Bf8 27. Qh4 {1-0 (61) Efremov,A (2552)-Szczepankiewicz,D (2477) ICCF email 2012}) 21... d4 (21... Qe5 $14) 22. Nd5 (22. Rxd4 Bc5 23. Rd7 Bxg1 24. Qxg1 Qb8 $11) 22... Nxd5 23. exd5 Bd6 (23... Rfd8 $14) 24. Rxd4 (24. Rge1 $16) 24... Bc5 $1 $14 25. Rc1 {[%cal Od5d6]} Qe5 26. Re4 ({Don't blunder} 26. Rxf4 $2 Be3 27. Re1 (27. Rxc8 $2 Rxc8 28. Bc4 Bxf4 $19) 27... Qxf4 $19) 26... Qxd5 27. Qxf4 Bd6 28. Qf6 {aiming for Rxc8.} Rxc1+ 29. Kxc1 {[%cal Oh4h5] And now h5! would win.} Bb4 30. Bc4 {Active counter play!} Qd6 (30... Rc8 $2 31. Re8+ $3 {[%mdl 512]} Rxe8 32. Bxd5 $18) 31. Re6 Qd2+ $1 $11 ({Don't play} 31... Qh2 {[#]} 32. Kb1 $1 Qc7 33. Re5 $16) 32. Kb1 {Strongly threatening Re5.} Bc3 $1 {Inhibits Re5.} 33. bxc3 {White wants to mate with Rd6. Dancing on a razor blade.} Qd1+ {Weighted Error Value: White=0.12 (very precise) /Black=0.08 (flawless)} 1/2-1/2

[Event "VIII Iberoamericano Mexico 2022"]
[Site "Mexico City"]
[Date "2022.02.16"]
[Round "5.14"]
[White "Herrera Ortiz, Miguel"]
[Black "Diaz Perez, Michel Alejandro"]
[Result "0-1"]
[WhiteElo "2297"]
[BlackElo "2459"]
[Annotator "TA"]
[PlyCount "140"]
[EventDate "2022.02.12"]
[EventType "swiss"]
[EventCountry "MEX"]
[SourceTitle "playchess.com"]
[Source "ChessBase"]
[SourceQuality "1"]

{[%evp 20,140,26,22,23,30,36,21,37,36,33,27,28,29,36,20,15,23,33,7,35,0,30,-23,-5,-22,35,32,33,24,25,0,27,0,0,0,0,0,18,29,15,0,0,0,0,0,0,0,9,8,24,-38,0,-15,-16,-13,0,-49,-68,-89,0,0,0,-77,-68,-88,0,-48,-43,-30,0,0,72,56,48,-91,-95,-282,-282,-260,-258,-258,-261,-275,-275,-272,-259,-279,-275,-273,-257,-248,-237,-225,-220,-216,-136,-90,-51,-75,-53,-90,-93,-174,-172,-172,-164,-156,-151,-246,-151,-151,-151,-29980,-29980,-29981,-29980,-29979,-29981,-29983,-29984,-29982,-29974]} 1. e4 e5 2. Nf3 Nc6 3. Bb5 a6 4. Ba4 Nf6 5. O-O Be7 6. Re1 b5 7. Bb3 d6 8. c3 O-O 9. h3 Bb7 $1 {[%mdl 4] now scores much better than the old 9...Na5.} 10. d4 Re8 11. Nbd2 {[%cal Bb1d2,Bd2f1,Bf1g3][%mdl 32]} exd4 {C92: Closed Ruy Lopez: 9...Be6, Karpov and Flohr-Zaitsev Variations.} 12. cxd4 Nd7 13. Nf1 Na5 {[%cal Bc6a5,Ba5c4,Bc4b6][%mdl 32] The position is equal.} 14. Bc2 Bf6 15. Rb1 c5 16. d5 {To avoid Nc6} Nc4 17. Ng3 g6 18. b3 Ncb6 19. Nh2 Bd4 {[#]} 20. Nf3 $146 ({Predecessor:} 20. Ng4 Kh8 21. Rf1 a5 22. Kh1 Bg7 23. f4 Qh4 24. Kh2 a4 25. bxa4 Nxa4 26. Bxa4 Rxa4 27. Rxb5 {1-0 (55) Jakubowski,K (2517)-Vogel,R (2477) Czech Republic 2018}) 20... Bc3 21. Re2 ({Better is} 21. Bd2 Bg7 22. Bd3) 21... b4 22. Bg5 f6 (22... Bf6 $1 $11 23. Bf4 Ne5) 23. Bd2 Bxd2 $1 24. Qxd2 a5 25. Bd3 Ne5 26. Bb5 Nxf3+ 27. gxf3 {[%cal Bg2f3,Bf3f4,Bf4f5][%mdl 32]} Re7 28. f4 Qf8 29. f5 Bc8 30. Kh2 a4 31. Qf4 Rg7 32. Rg1 axb3 33. axb3 Ra5 34. Bc6 Ra3 35. Rb1 (35. Re3 $1 $11) 35... Qe7 36. Qd2 Ba6 (36... gxf5 $2 37. exf5 Qd8 38. Re8+ Qxe8 39. Bxe8 $18) 37. Ree1 Qe5 38. Rec1 (38. fxg6 $11 hxg6 39. f4) 38... g5 $15 (38... gxf5 39. exf5 (39. f4 Qd4 $17) 39... Qd4 40. Qxd4 cxd4 41. Re1 $16 (41. Ne4 Bd3 $15)) 39. Kg1 Qf4 {Black is more active.} 40. Qb2 {aiming for Nh5.} Qe5 $1 {Threatens to win with ...Bd3.} (40... Rf7 41. Ra1 $16) 41. Qd2 {To avoid Bd3} Ra7 42. Re1 {[#]} Bc8 (42... Nc4 $1 $17 43. bxc4 Bxc4) 43. Qe2 (43. h4 $11) 43... Ra2 $36 {[%mdl 2048] Black has some pressure.} 44. Qf3 {[%cal Oh3h4]} Rc2 45. Re2 Raa2 (45... Rc3 $11 {keeps the balance.} 46. Qg4 c4 47. bxc4 Nxc4) 46. Rxc2 $16 Rxc2 47. Qd3 {[#]} (47. h4 $1 $14 {stays ahead.}) 47... Rc3 $1 $17 48. Qb5 (48. Qe2 $17 {is the only way for White.}) 48... Rxg3+ $19 49. fxg3 Qxg3+ 50. Kh1 Qxh3+ 51. Kg1 Qg3+ 52. Kh1 Qf3+ 53. Kg1 Qe3+ (53... Qxe4 $2 54. Rf1 $19) 54. Kh2 Qf4+ 55. Kg1 {[#]} Qxe4 $1 {Really sharp!} 56. Rf1 Bxf5 57. Rxf5 (57. Qxb6 {is a self mate.} Qg4+ 58. Kf2 Qf4+ 59. Ke1 Qe3+ 60. Kd1 Bg4+ 61. Kc2 Qe2+ 62. Kb1 Qxf1+ 63. Ka2 Qf2+ 64. Ka1 Qe1+ 65. Kb2 Qd2+ 66. Kb1 Bf5+ 67. Ka1 Qe1+ 68. Kb2 Qb1#) 57... Qxf5 58. Qxb6 Qb1+ 59. Kf2 Qc2+ (59... Qxb3 60. Qd8+ Kg7 61. Qe7+ Kg6 62. Be8+ Kf5 63. Bd7+ Kg6 64. Be8+ Kf5 65. Qe6+ Kf4 66. Qxd6+ Kg4 67. Qe6+ Kf4 68. Qxf6+ Ke4 69. d6 Qe3+ 70. Kg2 Qe2+ 71. Kh3 $18) 60. Kg1 Qd1+ ({Of course not} 60... Qxb3 $6 61. Qd8+ Kg7 62. Qe7+ Kg6 63. Be8+ Kf5 64. Bd7+ Kg6 65. Be8+ Kf5 66. Bd7+ Kg6 67. Be8+ $11) 61. Kg2 (61. Kf2 $17) 61... Qe2+ ({And not} 61... Qxb3 62. Qd8+ Kg7 63. Qe7+ Kg8 64. Qd8+ Kg7 65. Qe7+ Kg8 66. Qd8+ $11) 62. Kg1 Qe7 {To avoid Qd8+} 63. Qb8+ Kg7 {...g4 is the strong threat.} 64. Qc8 c4 65. bxc4 b3 {[%cal Bb4b3,Bb3b2][%mdl 32] ( -> ...b2)} 66. Qb8 $2 (66. Qd7 $17 Qxd7 67. Bxd7) 66... Qe1+ {Black mates.} 67. Kh2 Qe5+ 68. Kh3 b2 69. Bd7 Qe3+ 70. Kh2 Qe2+ {Weighted Error Value: White=0.20 (precise) /Black=0.15 (very precise)} 0-1

[Event "VIII Iberoamericano Mexico 2022"]
[Site "Mexico City"]
[Date "2022.02.16"]
[Round "5.15"]
[White "Medina Diaz, Rafael Alejandro"]
[Black "Berdayes Ason, Dylan Isidro"]
[Result "0-1"]
[WhiteElo "2287"]
[BlackElo "2445"]
[Annotator "TA"]
[PlyCount "92"]
[EventDate "2022.02.12"]
[EventType "swiss"]
[EventCountry "MEX"]
[SourceTitle "playchess.com"]
[Source "ChessBase"]
[SourceQuality "1"]

{[%evp 15,92,-10,-14,-8,-16,-29,-24,-23,-38,-25,-41,-30,-6,-29,-21,-43,-37,-38,-43,-63,-14,-20,-15,-9,-15,-75,-68,-70,0,-39,-42,-106,-110,-106,-111,-108,-96,-148,-157,-160,-160,-147,-151,-147,-149,-146,-106,-114,-114,-113,-114,-112,-109,-113,-109,-413,-413,-421,-421,-421,-421,-433,-403,-5181,-2466,-2568,-1075,-29972,-29974,-29974,-29975,-29975,-29976,-29977,-29978,-29978,-29979,-29977,-29940]} 1. e4 c6 2. d4 d5 3. exd5 cxd5 4. c4 Nf6 5. Nc3 Nc6 6. Nf3 Bg4 7. cxd5 Nxd5 8. Bb5 Rc8 9. O-O {B13: Caro-Kann: Exchange Variation and Panov-Botvinnik Attack.} e6 10. Be3 Be7 11. Rc1 {Black has an edge.} O-O 12. Be2 {[#]} Qd7 $146 ({Predecessor:} 12... Ncb4 13. Qb3 Nxe3 14. fxe3 Qb6 15. a3 Nd5 16. Qxb6 Nxb6 17. Rfd1 Rfd8 {1-0 (63) Breckenridge,S (2299)-Milov,V (2622) Dubai 2014}) 13. h3 Bh5 14. Re1 Rfd8 15. a3 Nxc3 16. Rxc3 Bf6 17. Rd3 Bxf3 (17... Bg6 $15 18. Rc3 h6) 18. Bxf3 $11 Nxd4 19. Bxb7 {This bishop pair is nice.} Rb8 {[%cal Bc8b8,Bb8b2,Bb2b6,Bb6d6][%mdl 32]} 20. Be4 ({Of course not} 20. Bxd4 Bxd4 21. Ba6 Qd6 $17) (20. Ba6 $1 $11) 20... Rxb2 $17 21. Qc1 Rdb8 (21... Rb6 $15) 22. Qc4 {[%cal Re3d4]} e5 {[%cal Be6e5,Be5f4][%mdl 32]} 23. f4 ({Better is} 23. Rc1 $15) 23... Rc8 24. Qa6 Rb6 $36 {[%mdl 2048] Keeping White busy. Black is more active.} 25. Qa5 exf4 (25... Rb5 26. Qd2 Bh4 27. Rd1 $15) 26. Bxd4 (26. Bxf4 $142 g6 27. Kh1) 26... Bxd4+ 27. Kh1 g6 {Prevents Bf5.} 28. Red1 Rd6 29. Qd2 {[%cal Rd3d4] [#]} Rd8 $1 30. Qxf4 Kg7 31. Bc6 Qxc6 32. Rxd4 Rxd4 33. Rxd4 {[%mdl 4096] Endgame Hoping for Qe5+. KQR-KQR} Re8 {Prevents Qe5+.} 34. Rd6 Qc5 {( -> ...Re1+)} ({Don't play} 34... Qc3 $6 35. Rd7 Qf6 36. Qxf6+ Kxf6 37. Rxa7 $11) 35. Rf6 $2 {[%mdl 8192] This move loses the game for White.} (35. Qb4 $17 {is more resistant.} Qxb4 36. axb4) 35... Re1+ $19 36. Kh2 Qg1+ 37. Kg3 Re3+ ({Weaker is} 37... Re7 38. Qf2 Qa1 39. Ra6 $19) 38. Kh4 {[#]} Qe1+ $1 39. g3 {[#]} (39. Qf2 $142 Qxf2+ 40. Rxf2) 39... Qxg3+ $3 {[%mdl 512]} 40. Qxg3 Rxg3 41. Rxf7+ Kxf7 {Black mates.} 42. Kxg3 {K3P-KPP} Kf6 43. Kf4 g5+ 44. Ke4 h5 45. a4 a5 46. Kd4 Kf5 {Weighted Error Value: White=0.55/Black=0.19 (very precise)} 0-1

[Event "VIII Iberoamericano Mexico 2022"]
[Site "Mexico City"]
[Date "2022.02.16"]
[Round "5.17"]
[White "Valdes Romero, Leonardo"]
[Black "Fernandez Sanchez, Mario Andres"]
[Result "1-0"]
[WhiteElo "2404"]
[BlackElo "2093"]
[Annotator "TA"]
[PlyCount "99"]
[EventDate "2022.02.12"]
[EventType "swiss"]
[EventCountry "MEX"]
[SourceTitle "playchess.com"]
[Source "ChessBase"]
[SourceQuality "1"]

{[%evp 20,99,21,23,37,29,44,35,31,25,84,87,151,145,168,179,172,158,141,160,201,153,144,95,93,71,67,17,135,65,116,132,340,312,358,201,291,89,106,43,124,136,131,129,143,150,202,184,207,182,217,185,256,247,436,435,428,428,417,363,363,363,363,363,363,363,363,363,356,324,412,104,104,104,104,0,39,39,40,0,29997,29998]} 1. c4 c6 2. Nf3 d5 3. e3 Nf6 4. Nc3 a6 5. Qc2 e6 6. b3 Bd6 7. d4 O-O 8. Be2 Nbd7 9. Bb2 Re8 10. O-O Qe7 11. Rfd1 h6 {[#] D45: Semi-Slav: 5 e3.} 12. a4 $146 ({Predecessor:} 12. Rac1 b6 13. e4 dxe4 14. Nxe4 Nxe4 15. Qxe4 Bb7 16. c5 Bc7 17. cxb6 Bxb6 18. Bd3 {0-1 (56) Kropik,M (2098)-Jirovec,A (1977) Austria 2019}) 12... a5 13. h3 dxc4 {White is slightly better.} 14. Bxc4 e5 (14... Nd5 $11) 15. Nh4 $1 $16 {Strongly threatening Nf5.} exd4 (15... Nf8 $142) 16. Nf5 Qf8 17. Nxd6 ({But not} 17. exd4 $6 Bb4 $14) ({Don't do} 17. Rxd4 $6 Bc5 $14) (17. Nxd4 $6 Ne5 $14) 17... Qxd6 18. Rxd4 Qe7 19. Ba3 c5 (19... Nc5 $16 20. Nb5 b6) 20. Nd5 Nxd5 21. Rxd5 (21. Bxd5 $142 Qg5 22. Bxc5) 21... b6 22. Bb2 {Inhibits Ne5. aiming for Rf5.} Nf6 23. Re5 ({Better is} 23. Bxf6 $14 Qxf6 24. Rad1) 23... Qc7 (23... Be6 $11 {keeps the balance.}) 24. Rxe8+ Nxe8 25. Rd1 $1 {Black must now prevent Qe4.} Bb7 {Inhibits Qe4.} (25... Qe7 $16) 26. Qf5 $18 {Threatening mate with Rd7.} Bc6 {Prevents Rd7.} 27. h4 (27. e4 $142) 27... Ra7 (27... Qe7 $142 28. g3 Ra7) 28. h5 $2 (28. Qg6 $1 $18 {and the rest is easy.}) 28... Qe7 $16 29. Bd3 $40 {[%mdl 128] White is up to no good. White is much more active. Black has bad knights. This bishop pair is nice.} (29. Qg6 $1 $16 {[%cal Rg6c6]} Rc7 30. Bc3) 29... Qg5 (29... Kf8 $1 $14) 30. Qxg5 hxg5 {[#]} 31. Bf5 $1 {Inhibits Rd7.} Ra8 32. f3 Kf8 (32... c4 $16 {keeps fighting.}) 33. e4 $18 {[%cal Be3e4,Be4e5][%mdl 32]} Ra7 34. Kf2 Ke7 35. g3 {[%cal Bg2g3,Bg3f4,Bf4e5][%mdl 32]} f6 (35... Rb7 {is a better defense.} 36. e5 Nc7) 36. e5 b5 $2 (36... fxe5 37. Bxe5 Kf8) 37. axb5 Bxb5 38. Ba3 Rc7 39. f4 gxf4 40. gxf4 fxe5 41. fxe5 a4 42. bxa4 Bxa4 43. Rd5 Kf7 44. Bxc5 ({Not} 44. Rxc5 Rxc5 45. Bxc5 Nc7 $18) 44... Rb7 45. Bd4 $2 (45. Rd8 $18) 45... Nc7 $16 46. Rd6 {Bc5 is the strong threat.} Nb5 {[#]} 47. Rd5 (47. Rb6 $1 $16 Rxb6 48. Bxb6) 47... Nxd4 48. Rxd4 Bb3 49. Rd6 Re7 $2 {[%mdl 8192]} (49... Rb5 $11) 50. Bg6+ {Weighted Error Value: White=0.37/Black=0.54} 1-0